<?xml version="1.0" encoding="UTF-8"?><?xml-stylesheet type="text/xsl" href="static/style.xsl"?><OAI-PMH xmlns="http://www.openarchives.org/OAI/2.0/" xmlns:xsi="http://www.w3.org/2001/XMLSchema-instance" xsi:schemaLocation="http://www.openarchives.org/OAI/2.0/ http://www.openarchives.org/OAI/2.0/OAI-PMH.xsd"><responseDate>2026-04-28T01:58:09Z</responseDate><request verb="GetRecord" identifier="oai:uvadoc.uva.es:10324/41779" metadataPrefix="marc">https://uvadoc.uva.es/oai/request</request><GetRecord><record><header><identifier>oai:uvadoc.uva.es:10324/41779</identifier><datestamp>2021-06-30T03:15:37Z</datestamp><setSpec>com_10324_38</setSpec><setSpec>col_10324_852</setSpec></header><metadata><record xmlns="http://www.loc.gov/MARC21/slim" xmlns:doc="http://www.lyncode.com/xoai" xmlns:xsi="http://www.w3.org/2001/XMLSchema-instance" xmlns:dcterms="http://purl.org/dc/terms/" xsi:schemaLocation="http://www.loc.gov/MARC21/slim http://www.loc.gov/standards/marcxml/schema/MARC21slim.xsd">
<leader>00925njm 22002777a 4500</leader>
<datafield tag="042" ind1=" " ind2=" ">
<subfield code="a">dc</subfield>
</datafield>
<datafield tag="720" ind1=" " ind2=" ">
<subfield code="a">González Martos, Manuel</subfield>
<subfield code="e">author</subfield>
</datafield>
<datafield tag="260" ind1=" " ind2=" ">
<subfield code="c">2020</subfield>
</datafield>
<datafield tag="520" ind1=" " ind2=" ">
<subfield code="a">En el ámbito de la edificación, el hormigón armado siempre ha sido uno de los&#xd;
materiales más empleados para la elaboración de los elementos estructurales.&#xd;
Sus principales ventajas son su alta resistencia a compresión, su resistencia al&#xd;
fuego y la capacidad de adoptar muy diversas formas. Tiene como&#xd;
inconvenientes ser un material muy pesado, tamaño de las secciones mayores&#xd;
que en estructuras de acero y tiempos de ejecución más altos debido al&#xd;
encofrado y fraguado.&#xd;
El objetivo de este trabajo es proyectar tres elementos característicos de una&#xd;
estructura porticada de hormigón armado (jácena, pilar y zapata) así como&#xd;
comparar y comentar el resultado constructivo con el que proporciona el&#xd;
programa Cype3D.</subfield>
</datafield>
<datafield tag="024" ind2=" " ind1="8">
<subfield code="a">http://uvadoc.uva.es/handle/10324/41779</subfield>
</datafield>
<datafield tag="245" ind1="0" ind2="0">
<subfield code="a">Dimensionado de elementos estructurales característicos de la edificación en hormigón armado</subfield>
</datafield>
</record></metadata></record></GetRecord></OAI-PMH>